|
|
|
|
| LEADER |
00000nab a2200000 ar4500 |
| 001 |
vtls008770456 |
| 003 |
SK-MaSNL |
| 005 |
20260305042529.0 |
| 008 |
060606c2005 xo mr|p|||||||000 b|slo |
| 015 |
|
|
|a SNBRB2006/06
|
| 038 |
|
|
|a SNKBUCL
|
| 040 |
|
|
|a SNKBUCL
|b slo
|e AACR2
|c SNKBUCL
|
| 041 |
0 |
|
|a slo
|
| 044 |
|
|
|a xo
|c SK
|
| 080 |
|
|
|a 265
|2 1997
|
| 100 |
1 |
|
|a Suchý, Igor
|c (kňaz)
|4 aut
|9 192711
|
| 245 |
1 |
0 |
|a Kázne vo Svätom týždni
|b sv. Efrém Sýrsky
|c Igor Suchy
|
| 504 |
|
|
|a Bibliogr. odkazy
|
| 600 |
0 |
7 |
|a Efrém Sýrsky,
|c sv.,
|d ?306-373
|2 snkbucl
|9 978479
|
| 650 |
0 |
7 |
|a cirkev
|2 snkbucl
|9 1922
|
| 650 |
0 |
7 |
|a eucharistia
|2 snkbucl
|9 796
|
| 773 |
0 |
|
|t Logos
|g Roč. VI., č. 2 (2005), s. 20-23
|
| 852 |
|
|
|a SNK
|b KIS3GCP
|
| 958 |
|
|
|a NB
|
| 958 |
|
|
|a SK
|
| 999 |
|
|
|c 3349691
|d 3351621
|